000 00897nam a2200217 i 4500
001 126992
003 ES-MaACL
005 20251114135558.0
007 t|
008 070214s1925 sp r ||||1| spa d
100 1 _aRibera, José Eugenio,
_d1864-1936
_996777
245 1 0 _aEvoluciones constructivas
_b: el hormigon armado : conferencias pronunciadas los días 10 y 12 de Febrero de 1925 en la Exposición de la Construcción y de la Habitación /
_cpor ... José Eugenio Ribera y Alfonso Peña Boeuf.
260 _aMadrid :
_bVoluntad,
_c1925.
300 _a28 p. ;
_c21 x 15 cm.
500 _aPrecede al tít.: Revista de Obras Públicas.
650 4 _aHormigón armado.
_9155789
700 1 _aPeña Boeuf, Alfonso,
_d1888-1966
_990253
711 2 _aExposición de la Construcción y de la Habitación (
_d1925)
_9673
852 _aES-MaACL
_j1680-F-22
999 _c126992
_d126992